00488pab a2200157 454500008004000000100001600040245005200056260000900108300001600117362001100133650002000144773003400164909001000198999001700208952010500225180718b2003 xxu||||| |||| 00| 0 eng d aMadhavi, Y. aManufacture of consent? Hepatitis B Vaccination c2003 ap.2417-424. a14 Jun aHealth services aEconomic and Political Weekly a56900 c56900d56900 00104070aIIPAbIIPAd2018-07-19hVolume no: 38, Issue no: 24pAR57345r2018-07-19w2018-07-19yAR